Регионална библиотека "Любен Каравелов" - Русе

Сребърна флейта (Запис номер 79135)

MARC детайли
000 -Лидер
Контролно поле с фиксирана дължина 01666nam a2200409 c 4500
003 - Код на организацията, давaща контролен номер
Контролно поле BLK
005 - Дата и час на последна редакция
Контролно поле 20240403005405.0
008 - Елементи от данни с фиксирана дължина
fixed length control field 180408b bul|||||r ||||||| ||bul||
010 ## - Наследен системен номер
LC control number KNG00083608000
020 ## - Международен стандартен номер на книга ISBN
Международен стандартен номер на книга ISBN 954-337-025-7
040 ## - Източник на каталожния запис
Идентификатор на билиотеката - собственик на записа BLK
041 ## - Код за език
Код за езика на текст/звукозапис или на отделно заглавие Български
Код за езика КДБФ Български
Други езици Естонски
072 #7 - Код за тематичната категория
Код организация bullib
Код за тематична категория К
Текст Краезнание
080 ## - УДК
Текстов определител УДК Естонска литература
УДК код - определител по УДК 821.511.113
УДК определител -1
УДК - код + определител 821.511.113-1
100 1# - Редна дума - Автор
Автор Алвер, Бети
Авторска отговорност първи автор
R(LIN) 30075
139 ## - Редно поле
Редна дума Алвер, Бети
Авторски знак Алв - А 48
245 10 - Сведения за заглавието
Заглавие Сребърна флейта
Подзаглавни данни Стихотворения
Редно поле (дума) Бети Алвер; прев. от ест. Дора Стоянова Янева-Медникарова; ред. Огнян Стамболиев; худож. Роберто Андреев.
246 11 - Различни форми на заглавието
Паралелно заглавие Hobehaalega vilespill : luuletusi
257 ## - Страна на издаване
Страна на създаване/издаване Естония
260 ## - Област на издателските данни
Име на издателя, разпространителя и проч. Авангард принт
Година на издаване 2006
300 ## - Физическа характеристика
Страници 86 с.
Размери/Мащаб 22 см
380 ## - Жанр
Жанр Худож. лит.
500 ## - Общи забележки
Забележка Парал. текст на ест. ез. - Съдържа и за авт. , за прев.
659 ## - Тематичен бюлетин
Тематичен бюлетин К
700 1# - Други автори (авторска отговорност)
Лично име Янева-Медникарова, Дора Стоянова
Автороска отговорност (Описва отношението между автора и произведението) прев. от ест.
9 (RLIN) 365173
700 ## - Други автори (авторска отговорност)
Лично име Стамболиев, Огнян Тодоров
Дати, свързани с автора 1947-
Друга информация Филолог, журналист, преводач
9 (RLIN) 365958
700 1# - Други автори (авторска отговорност)
Лично име Андреев, Роберто
Автороска отговорност (Описва отношението между автора и произведението) худож.
9 (RLIN) 365967
720 ## - Неконтролирано име
Паралелен автор Betti Alver
Ключова дума за отношение (Описва отношението между автора и произведението) паралелен автор
852 ## - Местоположение
Форматна сигнатура Цб 239876
852 ## - Местоположение
Форматна сигнатура К 821/А 48 Б
856 4# - Електронен адрес и достъп
Електронен формат pdf - файл
856 4# - Електронен адрес и достъп
Електронен формат pdf - файл
999 ## - СИСТЕМНИ КОНТРОЛНИ НОМЕРА
Koha biblionumber 79135
Koha biblioitemnumber 79135
942 ## - АРТИКУЛИ
Вид на библиотечния материал Книги
Скрит в OPAC Не
Периодичен библиозапис Да
944 ## - СЪЗДАВАНЕ И РЕДАКЦИЯ на ЗАПИСА
Създаване/Редакция Създаване
Дата на регистрацията/редакция 08.05.2008
Служител, извършил регистрацията/редакцията
Статус, дата на статуса CRON CRON
944 ## - СЪЗДАВАНЕ И РЕДАКЦИЯ на ЗАПИСА
Създаване/Редакция Редакция
Дата на регистрацията/редакция 27.01.2010
999 ## - СИСТЕМНИ КОНТРОЛНИ НОМЕРА
Koha biblioitemnumber 79135
Наличности
Код за отписване Код за изгубен артикул Код за повреда Коз за рестрикции Код за отдаване Артикулен № Име на библиотеката - собственик Име на библиотеката, в която се намира в момента Статус (Текущо местоположение) Дата на вписване в системата Местоположение - отдел Цена в лева Инвентарен номер Систематично азбучна сигнатура Баркод Номер на екземпляра Цена в евро Служебна бележка Служебен тип на артикула Източник на класификационната схема
  Не е изгубен Не е повреден без рестрикции ползва се в читалня 128018 Регионална библиотека "Любен Каравелов" Русе Регионална библиотека "Любен Каравелов" Русе Хранилище 2008-05-07 Основен фонд - ползва се само за читалня 4.00 120000726140 Цб 239876 120000726140 1 2.05 Дост: DA Вид: А N: 10 Дата: 07.05.2008 Книги  
Изтеглен Не е изгубен Не е повреден без рестрикции заемане за дома 128019 Регионална библиотека "Любен Каравелов" Русе Регионална библиотека "Любен Каравелов" Русе Заемна - подръчен фонд 2008-12-22 Заемна - подръчен фонд 4.00 120000732431 П 894-1/А 48 120000732431 2 2.05 Дост: DA Вид: А N: 16 Дата: 22.12.2008 Дата инв: 08.02.2018 Бележки инв: П2018 Книги Universal Decimal Classification
  Не е изгубен Не е повреден без рестрикции заемане за дома 128020 Регионална библиотека "Любен Каравелов" Русе Регионална библиотека "Любен Каравелов" Русе Заемна - подръчен фонд 2008-12-22 Заемна - подръчен фонд 4.00 120000732432 П 894-1/А 48 120000732432 3 2.05 Дост: DA Вид: А N: 16 Дата: 22.12.2008 Дата инв: 08.02.2018 Бележки инв: П2018 Книги  
Изтеглен Не е изгубен Не е повреден без рестрикции заемане за дома 128021 Регионална библиотека "Любен Каравелов" Русе Регионална библиотека "Любен Каравелов" Русе Заемна - подръчен фонд 2008-12-22 Заемна - подръчен фонд 4.00 120000732433 П 894-1/А 48 120000732433 4 2.05 Дост: DA Вид: А N: 16 Дата: 22.12.2008 Дата инв: 08.02.2018 Бележки инв: П2018 Книги Universal Decimal Classification
  Не е изгубен Не е повреден без рестрикции ползва се в читалня 128022 Регионална библиотека "Любен Каравелов" Русе Регионална библиотека "Любен Каравелов" Русе Краезнание 2010-01-28 Краезнание 4.00 120000741567 К 821/А 48 Б 120000741567 5 2.05 Дост: DA Вид: А N: 4 Дата: 28.01.2010 Дата инв: 08.11.2017 Бележки инв: К2017 Книги Universal Decimal Classification
Vip Innovations Ltd, Rousse, Bulgaria 2025